Plus grands lacs et étangs de France - Map Quiz - Statistiques

Statistiques générales
  • Ce quiz a été pris 60 fois
  • Le résultat moyen est 6 sur 10
Réponses sur la Carte
Les réponses sont colorées sur une échelle allant du rouge au vert en fonction du pourcentage des utilisateurs qui les ont devinées à leur premier essai. Vous pouvez retrouver ces pourcentages ci-dessous.
 
Statistiques - réponses
Réponse % Correct
Lac léman
92%
Lac du Bourget
80%
Etang de Berre
66%
Etang de Leucate
64%
Etang de Thau
62%
Lac d'Hourtin
62%
Marais de la Brière
54%
Etang de Vaccarès
50%
Lac de Grand-Lieu
48%
Lac de Cazaux et de Sanguinet
42%
Aucun quiz correspondant
Distribution des résultats
% des personnes avec chaque résultat
Percentile par nombre de réponses
Votre historique - résultats
Vous n’avez pas pris ce quiz